Western Europe Map Quiz - Statistics

General Stats
  • This quiz has been taken 93,493 times
    92,739 since last reset
  • The average score is 21 of 24
Answers on the Map
Answers color-coded by a green-red scale on the quiz's map according to % correct below.
 
Answer Stats
Answer % Correct
Iceland
96%
Ireland
96%
United Kingdom
96%
France
94%
Italy
94%
Germany
93%
Portugal
93%
Spain
93%
Finland
92%
Greece
92%
Norway
91%
Sweden
90%
Denmark
89%
Netherlands
88%
Vatican City
88%
Belgium
87%
Switzerland
87%
Austria
86%
Malta
86%
Monaco
85%
Luxembourg
84%
Liechtenstein
83%
San Marino
79%
Andorra
78%
No matching quizzes found
Score Distribution
Percent of People with Each Score
Percentile by Number Answered
Your Score History
You have not taken this quiz since the last reset